Asia in Flanders Fields : Indians and Chinese on the Western Front, 1914 1920 /
| Main Author: | |
|---|---|
| Format: | Book |
| Language: | English Dutch French German |
| Language Notes: | Text in English, Dutch, French and German. |
| Published: |
Barnsley :
Pen & Sword Military,
2021.
|
| Subjects: |
MARC
| Tag | First Indicator | Second Indicator | Subfields |
|---|---|---|---|
| LEADER | 00000cam a2200000 i 4500 | ||
| 001 | in00004583213 | ||
| 008 | 210921t20212021enkabf b 001 0 eng d | ||
| 005 | 20250318215149.3 | ||
| 020 | |a 9781526763334 | ||
| 020 | |a 1526763338 |q (hardcover) | ||
| 035 | |a (OCoLC)on1272878447 | ||
| 035 | |a (OCoLC)1272878447 | ||
| 040 | |a UKMGB |b eng |e rda |c UKMGB |d OCLCO |d OCLCF |d YDX | ||
| 041 | 0 | |a eng |a dut |a fre |a ger | |
| 050 | 4 | |a D547.I5 |b D46 2021 | |
| 082 | 0 | 4 | |a 940.4125 |2 23 |
| 100 | 1 | |a Dendooven, Dominiek, |e author. | |
| 245 | 1 | 0 | |a Asia in Flanders Fields : |b Indians and Chinese on the Western Front, 1914 1920 / |c Dominiek Dendooven. |
| 264 | 1 | |a Barnsley : |b Pen & Sword Military, |c 2021. | |
| 264 | 4 | |c ©2021 | |
| 300 | |a xl, 208 pages, 20 unnnumbered pages of plates : |b illustrations (black and white), maps ; |c 24 cm | ||
| 336 | |a text |b txt |2 rdacontent | ||
| 336 | |a still image |b sti |2 rdacontent | ||
| 336 | |a cartographic image |b cri |2 rdacontent | ||
| 337 | |a unmediated |b n |2 rdamedia | ||
| 338 | |a volume |b nc |2 rdacarrier | ||
| 504 | |a Includes bibliographical references and index. | ||
| 546 | |a Text in English, Dutch, French and German. | ||
| 650 | 0 | |a World War, 1914-1918 |x Participation, Chinese. | |
| 650 | 0 | |a World War, 1914-1918 |x Participation, Indic. | |
| 650 | 0 | |a World War, 1914-1918 |x Campaigns |z Western Front. | |
| 650 | 0 | |a World War, 1914-1918 |x Social aspects. | |
| 651 | 0 | |a Europe |x Colonies |x History |y 20th century. | |
| 650 | 7 | |a Military campaigns. |2 fast |0 (OCoLC)fst01710190 | |
| 650 | 7 | |a Social aspects. |2 fast |0 (OCoLC)fst01354981 | |
| 651 | 7 | |a Western Front (World War (1914-1918)) |2 fast |0 (OCoLC)fst01900003 | |
| 647 | 7 | |a World War |d (1914-1918) |2 fast |0 (OCoLC)fst01180746 | |
| 648 | 7 | |a 1900-1999 |2 fast | |
| 655 | 7 | |a History. |2 fast |0 (OCoLC)fst01411628 | |
| 776 | 0 | 8 | |i Electronic version: |a Dendooven, Dominiek. |t Asia in Flanders Fields. |d Yorkshire ; Philadelphia : Pen & Sword Military, 2021 |z 9781526763341 |w (OCoLC)1289442529 |
| 852 | 8 | |b pda,print |z This title is available for the library to purchase for your use. Click the "Purchase It For Me" button to place a request. This item may take 5-10 business days to arrive. | |
| 955 | |a Print PDA title | ||
| 961 | |m 565730 | ||
| 999 | f | f | |s 18e14c72-d635-4a2d-afca-d698c9fcccea |i 18e14c72-d635-4a2d-afca-d698c9fcccea |t 0 |
| 952 | f | f | |a Texas A&M University |b College Station |c Sterling C. Evans Library |d Purchase on Demand |t 0 |e D547.I5 D46 2021 |h Library of Congress classification |
| 998 | f | f | |a D547.I5 D46 2021 |t 0 |l Purchase on Demand |